Текст томруулах:    
Fundamental accounting principles (Бичлэгийн дугаар. 145677)
000 -УДИРДЛАГА
Удирдлага 00877 a2200301 4500
003 - ХЯНАЛТЫН ТОО ТОДОРХОЙЛОГЧ
Код MN-UlNUM
005 - БИЧИЛТ ХИЙСЭН ОГНОО
Тухайн бичилтийг бичсэн засварласан сүүлийн огноо 20251118112208.0
008 - ЕРӨНХИЙ МЭДЭЭЛЭЛ
Ерөнхий мэдээлэл 110605s2007 maua 000 0 eng
020 ## - ISBN
ISBN 9780072996531
-- 0072996536
040 ## - БИЧЛЭГ ҮҮСГЭГЧ БАЙГУУЛЛАГА
Бичлэг үүсгэгч номын сангийн код МУИС-ийн номын сан
084 ## - ББК АНГИЛАЛ
ББК ангилал 65.052
Зохиогчийн гурван тэмдэгт L 35
Нэмэлт тусгалт Сурах бичиг
Мэдлэгийн ялгаа 65 - Эдийн засаг
100 1# - ЗОХИОГЧ
Зохиогчийн нэр Wild, John J.
245 10 - ҮНДСЭН ГАРЧИГ
Номын нэр Fundamental accounting principles
Оролцогчдын тухай мэдээ John J. Wild, Kermit D. Larson, Barbara Chiappetta
Ботийн дугаар Vol. 1, Chapters 1-12
250 ## - ДАХИН ХЭВЛЭЛТ
Дахин гаралтын дугаар 18th ed.
260 ## - ГАРАЛТЫН МЭДЭЭ
Хэвлэгдсэн газар Boston, Mass. :
Хэвлэлийн газар McGraw-Hill
Хэвлэгдсэн он 2007
300 ## - МАТЕРИАЛЫН ТОДОРХОЙЛОЛТ
хуудасны тоо 1 v. (unpagings)
Бусад тоон мэдээлэл ill. (some col.)
Хэмжээ 29 cm
500 ## - Тайлбар
Дансны дугаар БС 5874
546 ## - ХЭЛНИЙ ТУХАЙ МЭДЭЭ
Хэл Англи хэл дээр,
653 ## - Түлхүүр үг
Түлхүүр үг accounting
653 ## - Түлхүүр үг
Түлхүүр үг accounting for corporations
653 ## - Түлхүүр үг
Түлхүүр үг financial statements
653 ## - Түлхүүр үг
Түлхүүр үг business
653 ## - Түлхүүр үг
Түлхүүр үг budget
700 1# - ХАМ ЗОХИОГЧИД
Ба бус Larson, Kermit D.
700 1# - ХАМ ЗОХИОГЧИД
Ба бус Chiappetta, Barbara
942 ## - ЭЛЕМЕНТИЙН ТӨРӨЛ
Зүйлийн төрөл Ном